000 01156cam a22003254a 4500
999 _c3436
_d3436
001 2157731
003 OSt
005 20180524194526.0
008 990330s2000 maua b 001 0 eng
010 _a 99028199
020 _a0801330343 (pbk.)
040 _aDLC
_cDLC
_dDLC
042 _apcc
043 _an-us---
050 0 0 _aHV40.8.U6
_bH39
082 0 0 _a322.4088/36130973
_222
245 1 0 _cKaren S. Haynes, James S. Mickelson ; foreword by Barbara A. Mikulski.
100 1 _aHaynes, Karen S.
245 1 0 _aAffecting change :
_bsocial workers in the political arena /
250 _a4th ed.
260 _aBoston :
_bAllyn and Bacon,
_cc2000.
300 _axix, 220 p. :
_bill. ;
_c24 cm.
504 _aIncludes bibliographical references and index.
650 0 _aSocial workers
_xPolitical activity
_zUnited States.
651 0 _aUnited States
_xSocial policy.
700 1 _aMickelson, James S.
906 _a7
_bcbc
_corignew
_d1
_eocip
_f19
_gy-gencatlg
942 _2lcc
_cBK